000 00539nam a22001695i 4500
001 54839
003 ES-MaACL
005 20230906163030.0
007 t|
008 960801s1882 dr ||||1| spa d
040 _aCAM
_bspa
_cCAM
100 1 _aGalván, Manuel de J.
_953689
245 1 0 _aEnriquillo
_b: leyenda histórica dominicana (1503-1533) /
_cpor Manuel de J. Galván.
260 _aSanto Domingo :
_b[s.n.],
_c1882 (
_fimprenta de García hermanos)
300 _a[11], [1] en bl., 336 p. ;
_c27 cm.
852 _aES-MaACL
_jF-11289
999 _c54839
_d54839